Armáda volá SOS?

Bibliographic Details
Main Authors: Gajdoš, Jozef, 1945-2022 (Author), Čarnogurský, Ján, 1944- (Author)
Format: Article
Language:Slovak
Subjects:

MARC

LEADER 00000nab a2200000 a 4500
001 vtls000616696
003 SK-MaSNL
005 20260303214311.0
008 160401c1997 xo 0 slo
015 |a SNBRB19rr/mm-uuuuu 
035 |a CL0616835 
040 |a SNKBUCL  |b slo  |c SNKBUCL  |e AACR2 
041 0 |a slo 
044 |a xo  |c SK 
080 |a 355.311.1(437.6)  |2 1981 
100 1 |a Gajdoš, Jozef,  |d 1945-2022  |4 aut  |9 114923 
245 1 0 |a Armáda volá SOS?  |c Jozef Gajdoš 
650 0 7 |a Armáda Slovenskej republiky  |2 snkbucl  |9 894060 
655 7 |a články z novín a časopisov  |2 snkbucl  |9 267496 
700 1 |a Čarnogurský, Ján,  |d 1944-  |4 aut  |9 196516 
773 0 |t Sme  |g Roč. 5 a 50, č. 65 (19. 3. 1997), s. 4 
850 |a Slovenská národná knižnica v Martine  |a MTA001 
852 |a SNK  |b KIS3GCP 
958 |a SK 
958 |a RK 
958 |a RBX 
999 |c 2216321  |d 2218251